Quizzes
Events
Quiz Creation
Community
Videos
Private Events
Remove Ads
Sign In
Join for FREE
Feedback
Dark Mode
Quiz Categories
Sports
Geography
Music
Movies
Television
Just For Fun
Miscellaneous
History
Literature
Language
Science
Gaming
Entertainment
Religion
Holiday
For Kids
Quiz Lab
Recent
Popular Today
Quiz Kudos Today
Editor Picks
Curator Picks
Quizzes by...
Day
Popularity
Type
Ratings
Length
Year
Community
Subscriptions
Recent Discussions
Orange Saloon
Badges
Playlists
Quests
Create
Leaderboards
Showdown
Live 5
Trivia Bingo
Activity
Puzzle Library
Sporcle Events
Private Events
Virtual Trivia
Globe League
Become a Host
Pub Owners
SporcleCon
Opinionation
Our Games
Videos
Blog
Mobile Apps
Partnerships
Remove Ads and Go Orange
Feedback
Music
Pop Music
The Beatles
Song
Album
Lyrics
Bands
Singers
Artist
Clip
Rock
Rap
Classical
Billboard
Country Music
Kpop
Taylor Swift
Music
Pop Music
The Beatles
Song
Album
Lyrics
Bands
Singers
Artist
Clip
Rock
Rap
Classical
Billboard
Country Music
Kpop
Taylor Swift
Random Quiz
Search Sporcle
×
Quiz Lab
Quiz Lab
Music
Type in answers that appear in a list
Type in answers that appear in a list
Classic
Best Score? Go Orange.
Sweet Songs Stats
Can you name the Sweet Songs?
By
ides
3m
22 Questions
43 Plays
43 Plays
43 Plays
Comments
Comments
Give Quiz Kudos
Give Quiz Kudos
-
- Ratings
hide this ad
Replay
Link that replays current quiz
Next Quiz
Link to next quiz in quiz playlist
You Got
0%
They Got
Avg Score
31%
Avg Friend Score
Upgrade to see
Score Distribution
Jump to the score distribution portion of the page
Score
0/22
Timer
03:00
0
Plays Today
artist
song title
% Correct
La Bouche
Sweet Dreams
79.1%
Neil Diamond
Sweet Caroline
72.1%
Lynyrd Skynyrd
Sweet Home Alabama
69.8%
Guns n Roses
Sweet Child O' Mine
69.8%
Aerosmith
Sweet Emotion
51.2%
The Verve
Bittersweet Symphony
48.8%
George Harrison
My Sweet Lord
44.2%
Gwen Stefani
Sweet Escape
39.5%
James Taylor
Sweet Baby James
34.9%
Lou Reed or Cowboy Junkies
Sweet Jane
32.6%
Anita Baker
Sweet Love
27.9%
artist
song title
% Correct
U2
The Sweetest Thing
25.6%
James Taylor
How Sweet It Is
23.3%
Sarah McLachlan
Sweet Surrender
20.9%
Jimmy Eat World
Sweetness
16.3%
Sade
Sweetest Taboo
14%
Boyz II Men
One Sweet Day
11.6%
Chuck Berry
Sweet Little Sixteen
9.3%
Van Morrison
Sweet Thing
2.3%
Eurythmics
Sweet Dreams (Are Made of These)
2.3%
The Peerless Quartet or Bette Midler
Let Me Call You Sweetheart
2.3%
Spaniels
Goodnight Sweetheart
2.3%
Quiz Playlist
Details
Report
Send in Message
Add To Playlist
Classic:
Type in answers that appear in a list
Last Updated: Feb 16, 2017
Quiz Scoreboard
CHALLENGE
Sign Up to Join the Scoreboard
Show All
Scores
Hide
Comments
May contain spoilers
Recently Published
Popular People in 1961
by mucciniale
History
6m
1-10 Letter E Words III
by El_Dandy
Language
2m
One Thing in Common: World Cities II
by knightlancer
Geography
7m
More to Explore
Quiz From the Vault
Featured Blog Post
Where Did the Easter Bunny Come From?
hide this ad
You Might Also Like...
Tags
This quiz does not have any tags.
Today's Top Quizzes in Music
Browse Music
hide this ad
Top Contributed Quizzes in Music
1
Taylor Swift All Songs (2024)
2
2010s Album by Cover III
3
One Thing in Common: Music
4
Taylor Swift Logic Puzzle
5
Guess the Artist- 70s Songs
6
2010s Album by Cover IV
7
Guess the Taylor Swift song (Mystery Song)
8
2010s Album by Cover V
9
Lana Del Rey Discography (BTD to DYKTTATUOB)
10
2010s Album by Cover VI
Explore More
Trending Topics
Harry Potter
Anime
Marvel
NBA
Crossword
Disney
Kpop
Puzzle
Country
Song
NFL
WWE
Soccer
Pokémon
The Office
hide this ad
More By:
ides
Quiz
Plays
Rating
Category
Featured
Created
What's the song?
84
2.25
Music
Jun 19, 2010
first generation care bears
60
Just For Fun
Jun 19, 2010
Sweet Songs
43
4.00
Music
Aug 12, 2010
Go to Creator's Profile
Score Distribution
Quiz Creator Spotlight
ides
Follow
Send a Message
Quizzes Created
-
Created Quiz Play Count
-
More By This Creator
Popular Quizzes Today
1
Find the US States - No Outlines Minefield
2
Find the Countries of Europe - No Outlines Minefield
3
The Countries of the World
4
Popular People in 1961
5
1-10 Letter E Words III
6
Find the US States
7
One Thing in Common: World Cities II
8
US States
More Music Quizzes
Pop Music Artists III
Published
Trending Quizzes
Risky Map Clicking: Least Populous States A-Z
1-10 Letter F Words
1-10 Letter G Words
One Thing in Common: United Kingdom
Risky Map Clicking: Biggest States A-Z
Recently Updated
Leaping Animals
pecheneg
Reality TV Shows (A-Z)
bhenderson79
Rickey Henderson's Hall of Fame Teammates
pecheneg
Champions League XIs: Arsenal
pecheneg
Quick Pick: Celebrities in WWE's Hall of Fame
aduchscher
A-Z Keypad Blitz II
pecheneg
Multiple Oscar Actors
pecheneg
Mystery Phrase Blitz: Oscar 'Best Actors'
pecheneg
F. Scott Fitzgerald Novels
LTH
Pick 3 Villains
ddd62291
Trending Topics
Kpop
Crossword
Disney
NBA
Anime
Marvel
Harry Potter
Pokémon
WWE
NFL
Puzzle
Soccer
Song
Country
The Office
Your Account Isn't Verified!
In order to create a playlist on Sporcle, you need to verify the email address you used during registration. Go to your
Sporcle Settings
to finish the process.
Report this User
Report this user for behavior that violates our
Community Guidelines
.
Details:
Send Report
Go to the Sporcle.com Mobile Site →
Comments